Tại sao?

Sách đề cập đến trên thì trời, dưới thì đất, xung quanh ta là động vật, thực vật, máy móc, ...giúp các em mở rộng kiến thức, tăng khả năng suy nghĩ, và quan sát, phân tích, sẽ là trang viết nâng cao tính kiên trì rèn luyện học khoa học hàng...

Celý popis

Uloženo v:
Podrobná bibliografie
Hlavní autor: Pham, Văn Khiết
Médium: Kniha
Jazyk:Undetermined
Vydáno: Tp. Hồ Chí Minh Trẻ 2004
Témata:
Tagy: Přidat tag
Žádné tagy, Buďte první, kdo otaguje tento záznam!
Thư viện lưu trữ: Trung tâm Học liệu Trường Đại học Cần Thơ
LEADER 00978nam a2200205Ia 4500
001 CTU_94261
008 210402s9999 xx 000 0 und d
020 |c 15000 
082 |a 500 
082 |b Kh308/T.8 
100 |a Pham, Văn Khiết 
245 0 |a Tại sao? 
245 0 |c Pham Văn Khiết biên dịch 
260 |a Tp. Hồ Chí Minh 
260 |b Trẻ 
260 |c 2004 
520 |a Sách đề cập đến trên thì trời, dưới thì đất, xung quanh ta là động vật, thực vật, máy móc, ...giúp các em mở rộng kiến thức, tăng khả năng suy nghĩ, và quan sát, phân tích, sẽ là trang viết nâng cao tính kiên trì rèn luyện học khoa học hàng ngày của các bạn nhỏ,...Tập 8 đề cập việc thăm viếng vũ trụ 
650 |a Knowledge 
904 |i Mai Loan 
980 |a Trung tâm Học liệu Trường Đại học Cần Thơ